Borde de los oficios
Guardat en:
| Autor principal: | |
|---|---|
| Format: | Llibre |
| Idioma: | espanyol |
| Publicat: |
Viña del Mar
Ediciones Escuela de Arquitectura y Diseño PUCV
2018
|
| Edició: | 1a. ed |
| Col·lecció: | Poética, 2
|
| Matèries: | |
| Etiquetes: |
Afegir etiqueta
Sense etiquetes, Sigues el primer a etiquetar aquest registre!
|
MARC
| LEADER | 00000cam a2200000 a 4500 | ||
|---|---|---|---|
| 001 | UCC6646 | ||
| 003 | CL-VaPUC | ||
| 005 | 20240930154805.0 | ||
| 008 | 181220e20180000cl |||||||||||||||||spa|d | ||
| 999 | |c 373547 |d 373545 | ||
| 020 | |a 9789568192198 | ||
| 040 | |c Pontificia Universidad Católica de Valparaíso | ||
| 082 | 0 | 4 | |a Ch861 |b IOM |2 21 |
| 100 | |a Iommi Marini, Godofredo Tito |e autor |9 857986 | ||
| 245 | 1 | 0 | |a Borde de los oficios |
| 250 | |a 1a. ed | ||
| 260 | |a Viña del Mar |b Ediciones Escuela de Arquitectura y Diseño PUCV |c 2018 | ||
| 300 | |a 208 p | ||
| 490 | 0 | |a Poética, 2 | |
| 583 | |a last modification |c 20190125 02:45:29 |k Rodrigo Vera | ||
| 600 | |a Iommi, Godofredo |d 1917 - 2001 |9 883882 | ||
| 610 | |a Escuela de Arquitectura y Diseño - Pontificia Universidad Católica de Valparaíso |9 883992 | ||
| 650 | 0 | |a Oficios |x Poesía |x Tradición |9 370802 | |
| 852 | |a BIBCUR | ||
| 942 | |c BK |2 ddc | ||
| 945 | |d 20181220 17:39:00 |a dcastane | ||
| 952 | |0 0 |1 0 |3 erb |4 0 |6 CH_861_000000000000000_IOM_2018 |7 0 |8 A |9 491691 |a BIBARQ |b BIBARQ |i 5526329 |o Ch861 IOM 2018 |p 5526329 |r 2025-01-20 |w 2019-11-24 |y BK |z Catalogado en:20181220 |k ARQ | ||
| 952 | |0 0 |1 0 |3 erb |4 0 |6 CH_861_000000000000000_IOM_2018 |7 0 |8 A |9 491692 |a BIBARQ |b BIBARQ |i 5526310 |l 1 |o Ch861 IOM 2018 |p 5526310 |r 2025-04-03 |s 2025-04-03 |w 2019-11-24 |y BK |z Catalogado en:20181220 |k ARQ | ||
| 952 | |0 0 |1 0 |3 erb |4 0 |6 CH_861_000000000000000_IOM_2018 |7 0 |8 A |9 491693 |a BIBART |b BIBART |i 5532302 |o Ch861 IOM 2018 |p 5532302 |r 2025-03-13 |w 2019-11-24 |y BK |z Catalogado en:20190125 |k ART | ||